| 000 | 00499 a2200193 4500 | ||
|---|---|---|---|
| 005 | 20260408164351.0 | ||
| 008 | 260408b |||||||| |||| 00| 0 eng d | ||
| 020 |
_a9788174456014 _cRs.1050.00 |
||
| 040 | _aMAIN | ||
| 082 |
_a647.94068 _bS64H |
||
| 100 | _aSinha, C K | ||
| 245 | _aHotel front office management | ||
| 260 |
_bMohit Publication _c2011 _aNew Delhi |
||
| 300 | _a288 | ||
| 650 | _aHotel Management | ||
| 650 | _aHotel Front Office | ||
| 650 | _aOffice Management | ||
| 942 | _cBK | ||
| 999 |
_c395653 _d395653 |
||